[Event "Buenos Aires Torre Blanca U2400 op"]
[Site "Buenos Aires"]
[Date "2023.01.08"]
[Round "6"]
[White "Burotto, Nicolas"]
[Black "Roehe De Oliveira Velloso, Fernan"]
[Result "1-0"]
[WhiteElo "1748"]
[BlackElo "1583"]
[PlyCount "35"]
[EventDate "2023.01.06"]
[EventType "swiss"]
[EventRounds "6"]
[EventCountry "ARG"]
[SourceTitle "CBM 212 Extra"]
[Source "ChessBase"]
[SourceDate "2023.03.31"]
[SourceVersion "1"]
[SourceVersionDate "2023.03.31"]
[SourceQuality "1"]

1. e4 c6 2. d4 d5 3. e5 Bf5 4. h4 h5 5. Bg5 Qb6 6. Bd3 Qxb2 7. Bxf5 Qxa1 8. e6 Nh6 9. exf7+ Nxf7 10. Bg6 e5 11. c3 e4 12. Qb3 b5 13. Ne2 a5 14. 0-0 a4 15. Qc2 a3 16. Bc1 Be7 17. Nd2 Nd7 18. Nb3 1-0

[Event "Buenos Aires La Porta Cup"]
[Site "Buenos Aires"]
[Date "2019.03.20"]
[Round "1"]
[White "Roehe De Oliveira Velloso, Fernan"]
[Black "Benedetti, Julio"]
[Result "0-1"]
[WhiteElo "1787"]
[BlackElo "2281"]
[PlyCount "30"]
[EventDate "2019.03.20"]
[EventType "swiss"]
[EventRounds "9"]
[EventCountry "ARG"]
[SourceTitle "CBM 189 Extra"]
[Source "ChessBase"]
[SourceDate "2019.06.03"]
[SourceVersion "1"]
[SourceVersionDate "2019.06.03"]
[SourceQuality "1"]

1. d4 Nf6 2. c4 e5 3. dxe5 Ng4 4. Bf4 Nc6 5. Nf3 Bb4+ 6. Nbd2 Qe7 7. e3 0-0 8. Be2 a5 9. 0-0 Ngxe5 10. Nxe5 Nxe5 11. Nf3 d6 12. a3 Bc5 13. Nd4 Re8 14. Qc2 Ng6 15. g3 Bxd4 0-1